| 000 | 00755nam a2200193 a 4500 | ||
|---|---|---|---|
| 040 | _cDLC | ||
| 082 | _a944 AME 1983 A113 Or. | ||
| 245 | 0 | 0 |
_aFlammability and sensitivity of materials in oxygen-enriched atmospheres : _ba symposium / |
| 260 |
_aPhiladelphia, Pa. (1916 Race St., Philadelphia 19103) : _bAmerican Society for Testing and Materials, _cc1983-c1986 |
||
| 300 |
_a2 v. : _bill. ; _c24 cm |
||
| 490 | 1 | _aASTM special technical publication ; | |
| 500 | _aVol. 2: Michael A. Benning, editor | ||
| 650 | 0 | _aMaterials | |
| 650 | 0 | _aOxygen index of materials | |
| 700 | 1 | 0 | _aWerley, B. L. |
| 700 | 1 | 0 | _aBenning, Michael A |
| 710 | 2 | 0 | _aASTM Committee G-4 on Compatibility and Sensitivity of Materials in Oxygen-Enriched Atmospheres |
| 942 | _cEK | ||
| 999 |
_c16664 _d16664 |
||